ՀՀ Գիտությունների ազգային ակադեմիայի հիմնարար գիտական գրադարան  =   Fundamental Scientific Library of NAS RA

Электроснабжение сельскохозяйственных предприятий : (Record no. 253813)

MARC details
000 -LEADER
fixed length control field 01406nam a2200229 a 4500
001 - CONTROL NUMBER
control field 000684498
003 - CONTROL NUMBER IDENTIFIER
control field AM-YeHGA
005 - DATE AND TIME OF LATEST TRANSACTION
control field 20250617142229.0
008 - FIXED-LENGTH DATA ELEMENTS--GENERAL INFORMATION
fixed length control field 090918s1976 ai | |||||||||||||rus|d
040 ## - CATALOGING SOURCE
Original cataloging agency AM-YeHGA
041 0# - LANGUAGE CODE
Language code of text/sound track or separate title rus
090 ## - LOCALLY ASSIGNED LC-TYPE CALL NUMBER (OCLC); LOCAL CALL NUMBER (RLIN)
-- 255412
100 1# - MAIN ENTRY--PERSONAL NAME
Personal name Дудина, Варвара Егоровна
245 10 - TITLE STATEMENT
Title Электроснабжение сельскохозяйственных предприятий :
Remainder of title Лекция для студентов-заочников агрономических, зоотехнических и экономических специальностей /
Statement of responsibility, etc. В.Е. Дудина, К.М. Поярков; МСХ СССР; Г. упр. высш. и сред. с.-х. образ.; Всесоюз. с.-х. ин-т заоч. образ.
260 ## - PUBLICATION, DISTRIBUTION, ETC.
Place of publication, distribution, etc. М. :
Name of publisher, distributor, etc. Б. и.,
Date of publication, distribution, etc. 1976.
300 ## - PHYSICAL DESCRIPTION
Extent 23 с. :
Other physical details рис. ;
Dimensions 20 см.
650 14 - SUBJECT ADDED ENTRY--TOPICAL TERM
Topical term or geographic name entry element Производство энергии для сельского хозяйства
700 1# - ADDED ENTRY--PERSONAL NAME
Personal name Поярков, Кирилл Михайлович
710 2# - ADDED ENTRY--CORPORATE NAME
Corporate name or jurisdiction name as entry element Министерство сельского хозяйства СССР
710 2# - ADDED ENTRY--CORPORATE NAME
Corporate name or jurisdiction name as entry element Главное управление высшего и среднего сельскохозяйственного образования
710 2# - ADDED ENTRY--CORPORATE NAME
Corporate name or jurisdiction name as entry element Всесоюзный сельскохозяйственный институт заочного образования
Holdings
Withdrawn status Lost status Damaged status Not for loan Collection Home library Current library Date acquired Total checkouts Full call number Barcode Date last seen Price effective from Koha item type Public note
        General Fundamental Scientific Library Fundamental Scientific Library 29/12/2016   РII/392025 FL0387316 29/12/2016 29/12/2016 Գրքեր / Books 30 Days Loan


ՀՀ ԳԱԱ հիմնարար գիտական գրադարան
ՀՀ,Երևան 0019
Մարշալ Բաղրամյան 24/6
հեռախոս:(374-10) 52-47-50
Հետադարձ կապ

All site content, except where otherwise noted, is licensed under a
Creative Commons License